[Event "Dhaka Walton op 07"]
[Site "Dhaka"]
[Date "2018.07.04"]
[Round "1"]
[White "Md Abzid, Rahman"]
[Black "Samadder, Mridul Kanti"]
[Result "1-0"]
[WhiteElo "1940"]
[BlackElo "1610"]
[PlyCount "117"]
[EventDate "2018.07.04"]
[EventType "swiss"]
[EventRounds "9"]
[EventCountry "BAN"]
[SourceTitle "EXT 2019"]
[Source "ChessBase"]
[SourceDate "2018.10.10"]
[SourceVersion "1"]
[SourceVersionDate "2018.10.10"]
[SourceQuality "1"]

1. d4 Nf6 2. c4 g6 3. Nc3 Bg7 4. Nf3 d6 5. e4 Nc6 6. Be2 0-0 7. 0-0 Bg4 8. Be3 Kh8 9. h3 Bd7 10. d5 Ne5 11. Nd2 Be8 12. f4 Ned7 13. Nf3 e5 14. fxe5 Nxe5 15. Nxe5 dxe5 16. Qd2 Ng8 17. Bc5 Ne7 18. Rad1 Rg8 19. Bg4 f5 20. exf5 gxf5 21. Bxf5 Nxf5 22. Rxf5 Qd7 23. Rdf1 Bg6 24. R5f2 Rae8 25. Be3 b6 26. b3 Qe7 27. Bg5 Qc5 28. Qe3 Qxe3 29. Bxe3 a6 30. Ne2 Bd3 31. Rd1 Bg6 32. g4 Bf8 33. Ng3 Rd8 34. Rdd2 Be7 35. Nf5 Bxf5 36. Rxf5 Bd6 37. Bg5 Rdf8 38. Bf6+ Rxf6 39. Rxf6 Kg7 40. Rf5 Re8 41. Kf2 b5 42. Ke3 bxc4 43. bxc4 h6 44. Ke4 Rb8 45. Rc2 c6 46. dxc6 Bc7 47. Rcf2 Bb6 48. Rb2 a5 49. c5 Bc7 50. Rxb8 Bxb8 51. Rf1 a4 52. Rb1 h5 53. Rxb8 hxg4 54. hxg4 a3 55. c7 Kf6 56. c8Q Kg5 57. Qf5+ Kh6 58. Qf6+ Kh7 59. Rh8# 1-0